[Event "Merida World Heritage op 1st"]
[Site "Merida"]
[Date "2021.08.07"]
[Round "7"]
[White "Martins, Diogo Faria Oliveir"]
[Black "Ramirez Sanchez, Nicolas"]
[Result "1-0"]
[WhiteElo "2031"]
[BlackElo "1691"]
[PlyCount "75"]
[EventDate "2021.08.04"]
[EventType "swiss"]
[EventRounds "9"]
[EventCountry "ESP"]
[SourceTitle "EXT 2023"]
[Source "ChessBase"]
[SourceDate "2022.10.05"]
[SourceVersion "1"]
[SourceVersionDate "2022.10.05"]
[SourceQuality "1"]

1. e4 e5 2. Bc4 Nc6 3. Nf3 Bc5 4. 0-0 Nf6 5. d3 d6 6. c3 a6 7. Bb3 Ba7 8. Nbd2 h6 9. Re1 g5 10. Nf1 g4 11. N3d2 h5 12. Nc4 h4 13. Be3 g3 14. fxg3 hxg3 15. h3 Nh5 16. Bxa7 Nxa7 17. Qf3 Nf4 18. d4 Qf6 19. Nxg3 Bxh3 20. dxe5 dxe5 21. gxh3 Nxh3+ 22. Kg2 Nf4+ 23. Kf1 0-0-0 24. Ne3 Qh4 25. Qg4+ Qxg4 26. Nxg4 Rhg8 27. Bd1 Rxd1 28. Raxd1 Rxg4 29. Nf5 Nc6 30. Re3 Ne6 31. Rh3 Rf4+ 32. Kg2 Rxe4 33. Rh8+ Ncd8 34. Ne7+ Kb8 35. Rhxd8+ Nxd8 36. Rxd8+ Ka7 37. Nc8+ Ka8 38. Nd6+ 1-0

[Event "Merida World Heritage op 1st"]
[Site "Merida"]
[Date "2021.08.06"]
[Round "4"]
[White "Fonseca, Pedro Miguel Ramos"]
[Black "Martins, Diogo Faria Oliveir"]
[Result "1/2-1/2"]
[WhiteElo "1801"]
[BlackElo "2031"]
[PlyCount "123"]
[EventDate "2021.08.04"]
[EventType "swiss"]
[EventRounds "9"]
[EventCountry "ESP"]
[SourceTitle "EXT 2023"]
[Source "ChessBase"]
[SourceDate "2022.10.05"]
[SourceVersion "1"]
[SourceVersionDate "2022.10.05"]
[SourceQuality "1"]

1. e4 c5 2. Nf3 g6 3. d4 Bg7 4. c4 d6 5. Be2 Bg4 6. d5 Nf6 7. Nc3 0-0 8. 0-0 e6 9. dxe6 fxe6 10. e5 dxe5 11. Nxe5 Qxd1 12. Rxd1 Bxe2 13. Nxe2 Ne4 14. Nd3 Nc6 15. f3 Nd4 16. Nef4 Nd6 17. Nxc5 Nxc4 18. Ncxe6 Nxe6 19. Nxe6 Bxb2 20. Bxb2 Nxb2 21. Nxf8 Nxd1 22. Nxg6 hxg6 23. Rxd1 b5 24. Rd7 a5 25. Rb7 b4 26. Rb5 Kf7 27. Kf2 Ke6 28. Ke3 Ra6 29. h4 Kf6 30. Kf4 Ke6 31. h5 gxh5 32. Rxh5 Ra8 33. Ke4 Kd6 34. Kd4 Ke6 35. Kc4 Kd6 36. g4 Rc8+ 37. Kd4 Rc3 38. f4 Ra3 39. Rh6+ Ke7 40. Rh2 Kf6 41. Rg2 Rh3 42. Ke4 a4 43. g5+ Kg7 44. Rb2 b3 45. axb3 axb3 46. Kf5 Rc3 47. Kg4 Rd3 48. Kf5 Rc3 49. Ke5 Re3+ 50. Kd4 Rf3 51. Ke4 Rc3 52. f5 Rc4+ 53. Kd5 Rb4 54. Ke6 Rb6+ 55. Kd7 Rb5 56. Ke6 Rb6+ 57. Ke5 Rb5+ 58. Kf4 Rb4+ 59. Kg3 Kf7 60. Kf3 Kg7 61. Ke3 Rg4 62. Kf3 1/2-1/2

[Event "Merida World Heritage op 1st"]
[Site "Merida"]
[Date "2021.08.04"]
[Round "1"]
[White "Martins, Diogo Faria Oliveir"]
[Black "Donaire Nieto, Daniel"]
[Result "1-0"]
[WhiteElo "2031"]
[BlackElo "1414"]
[PlyCount "47"]
[EventDate "2021.08.04"]
[EventType "swiss"]
[EventRounds "9"]
[EventCountry "ESP"]
[SourceTitle "EXT 2023"]
[Source "ChessBase"]
[SourceDate "2022.10.05"]
[SourceVersion "1"]
[SourceVersionDate "2022.10.05"]
[SourceQuality "1"]

1. e4 e5 2. Bc4 Nc6 3. Nf3 Bc5 4. 0-0 d6 5. c3 Nf6 6. d4 exd4 7. cxd4 Bb6 8. Nc3 Bg4 9. Be3 Bxf3 10. gxf3 Qd7 11. Rc1 0-0-0 12. a4 g5 13. b4 Nxb4 14. Qb3 Qh3 15. Qxb4 Qxf3 16. Be2 Qh3 17. f3 g4 18. Qb5 Kb8 19. Qf5 Rhg8 20. Kh1 Nh5 21. Rg1 Qh4 22. fxg4 Ng7 23. Qg5 Qh3 24. Rg3 1-0

[Event "Famalicao op 8th"]
[Site "Vila Nova de Famalicao"]
[Date "2021.07.28"]
[Round "6"]
[White "Martins, Diogo Faria Oliveir"]
[Black "Oliveira, Sancho"]
[Result "0-1"]
[WhiteElo "2031"]
[BlackElo "2251"]
[PlyCount "112"]
[EventDate "2021.07.26"]
[EventType "swiss"]
[EventRounds "9"]
[EventCountry "POR"]
[SourceTitle "CBM 203 Extra"]
[Source "ChessBase"]
[SourceDate "2021.09.30"]
[SourceVersion "1"]
[SourceVersionDate "2021.09.30"]
[SourceQuality "1"]

1. e4 c5 2. Nf3 d6 3. d4 cxd4 4. Nxd4 Nf6 5. Nc3 a6 6. Bg5 e6 7. f4 Qb6 8. Qd2 Nc6 9. 0-0-0 Qxd4 10. Qxd4 Nxd4 11. Rxd4 Be7 12. Be2 h6 13. Bh4 b5 14. e5 dxe5 15. fxe5 Nd7 16. Bxe7 Kxe7 17. Bf3 Ra7 18. Re1 Rc7 19. a3 Rc5 20. Rde4 Rd8 21. R4e3 Nb6 22. b3 Bd7 23. Kb2 Rdc8 24. R1e2 a5 25. Ne4 R5c7 26. Nd6 Rb8 27. Rd3 Be8 28. Red2 Nc4+ 29. Nxc4 bxc4 30. Rc3 Rc5 31. Rd4 Bb5 32. Be2 Rxe5 33. Bxc4 f5 34. Bxb5 Rbxb5 35. Rcd3 Re2 36. Rd2 Re3 37. R4d3 Re4 38. Ka2 Kf6 39. c4 Rc5 40. Rd4 Ke5 41. Rxe4+ fxe4 42. Kb2 e3 43. Rd1 Ke4 44. Kc3 e2 45. Re1 Ke3 46. b4 axb4+ 47. axb4 Rf5 48. b5 Rf1 49. Rxe2+ Kxe2 50. c5 Ke3 51. c6 Rc1+ 52. Kb4 Kd4 53. Ka5 Kc5 54. Ka6 Ra1+ 55. Kb7 Kxb5 56. c7 Rc1 0-1

[Event "Guimaraes op 3rd"]
[Site "Guimaraes"]
[Date "2019.08.29"]
[Round "2"]
[White "Martins, Diogo Faria Oliveir"]
[Black "Martin Duque, Jesus"]
[Result "0-1"]
[WhiteElo "1984"]
[BlackElo "2353"]
[PlyCount "46"]
[EventDate "2019.08.28"]
[EventType "swiss"]
[EventRounds "7"]
[EventCountry "POR"]
[SourceTitle "EXT 2020"]
[Source "ChessBase"]
[SourceDate "2019.10.17"]
[SourceVersion "1"]
[SourceVersionDate "2019.10.17"]
[SourceQuality "1"]

1. e4 e5 2. Bc4 Nf6 3. Nf3 Nxe4 4. Nc3 Nxc3 5. dxc3 f6 6. Nh4 g6 7. f4 Qe7 8. f5 Qg7 9. Be3 c6 10. Qe2 d5 11. Bb3 g5 12. Nf3 Bxf5 13. c4 d4 14. Bxd4 Nd7 15. 0-0-0 Bc5 16. Rhe1 0-0 17. Bc3 Rfd8 18. Nxe5 fxe5 19. Bxe5 Nxe5 20. Rxd8+ Rxd8 21. Qxe5 Qxe5 22. Rxe5 b6 23. c3 Bg6 0-1

[Event "Lisbon Portugal op"]
[Site "Lisbon"]
[Date "2019.02.06"]
[Round "5"]
[White "Srinath, Rao SV"]
[Black "Martins, Diogo Faria Oliveir"]
[Result "1-0"]
[WhiteElo "2437"]
[BlackElo "1993"]
[PlyCount "53"]
[EventDate "2019.02.02"]
[EventType "swiss"]
[EventRounds "9"]
[EventCountry "POR"]
[SourceTitle "CBM 188 Extra"]
[Source "ChessBase"]
[SourceDate "2019.02.26"]
[SourceVersion "1"]
[SourceVersionDate "2019.02.26"]
[SourceQuality "1"]

1. e4 c5 2. c3 g6 3. d4 cxd4 4. cxd4 d5 5. e5 Bg7 6. Nc3 Nh6 7. h3 0-0 8. g4 f6 9. f4 fxe5 10. fxe5 e6 11. Nf3 Nc6 12. Bg2 b6 13. 0-0 Ba6 14. Rf2 Qe8 15. Be3 Rc8 16. Qd2 Nf7 17. h4 Na5 18. b3 Rc7 19. h5 h6 20. Nh4 gxh5 21. Ng6 hxg4 22. Nxf8 Qxf8 23. Nxd5 exd5 24. e6 Qd6 25. Bf4 Ne5 26. dxe5 Bxe5 27. Qxd5 1-0

[Event "Pontevedra op-B 6th"]
[Site "Pontevedra"]
[Date "2018.08.13"]
[Round "8"]
[White "Fernandez Salamanca, Gonzalo"]
[Black "Martins, Diogo Faria Oliveir"]
[Result "1/2-1/2"]
[WhiteElo "1839"]
[BlackElo "1965"]
[PlyCount "49"]
[EventDate "2018.08.08"]
[EventType "swiss"]
[EventRounds "9"]
[EventCountry "ESP"]
[SourceTitle "CBM 186 Extra"]
[Source "ChessBase"]
[SourceDate "2018.08.24"]
[SourceVersion "1"]
[SourceVersionDate "2018.08.24"]
[SourceQuality "1"]

1. e4 c5 2. Nf3 Nc6 3. d4 cxd4 4. Nxd4 g6 5. Nc3 Bg7 6. Nb3 Nf6 7. g4 d6 8. g5 Nd7 9. h4 0-0 10. h5 Nc5 11. Be3 b6 12. Nd4 Bb7 13. hxg6 hxg6 14. Nf5 gxf5 15. Qh5 Re8 16. Qh7+ Kf8 17. g6 e6 18. Bh6 Qf6 19. Qh8+ Ke7 20. Qxg7 Qxg7 21. Bxg7 fxg6 22. Rh7 Kf7 23. Be5+ Kg8 24. Rh8+ Kf7 25. Rh7+ 1/2-1/2

[Event "Pontevedra op-B 6th"]
[Site "Pontevedra"]
[Date "2018.08.10"]
[Round "4"]
[White "Martins, Diogo Faria Oliveir"]
[Black "Zagema, Jan Sybren"]
[Result "1/2-1/2"]
[WhiteElo "1965"]
[BlackElo "1861"]
[PlyCount "83"]
[EventDate "2018.08.08"]
[EventType "swiss"]
[EventRounds "9"]
[EventCountry "ESP"]
[SourceTitle "CBM 186 Extra"]
[Source "ChessBase"]
[SourceDate "2018.08.24"]
[SourceVersion "1"]
[SourceVersionDate "2018.08.24"]
[SourceQuality "1"]

1. e4 c5 2. Nf3 g6 3. d4 cxd4 4. Nxd4 Nc6 5. c4 Nf6 6. Nc3 d6 7. Be2 Nxd4 8. Qxd4 Bg7 9. Be3 0-0 10. Qd2 Be6 11. 0-0 Qa5 12. f3 Rfc8 13. b3 a6 14. Rab1 Nd7 15. b4 Qc7 16. Nd5 Qd8 17. Rfc1 Rab8 18. Nf4 Nf8 19. a4 Nd7 20. a5 Rc6 21. Nxe6 fxe6 22. c5 dxc5 23. bxc5 Qc7 24. Qb4 Be5 25. Bd1 Bxh2+ 26. Kh1 Bf4 27. Bxf4 Qxf4 28. Ba4 Rc7 29. Bxd7 Qh6+ 30. Kg1 Qe3+ 31. Kh2 Rxd7 32. c6 Qh6+ 33. Kg1 Qe3+ 34. Kf1 Rd2 35. Qxd2 Qxd2 36. cxb7 Qd3+ 37. Kg1 Qd4+ 38. Kh1 Qd7 39. Rd1 Qc7 40. Rdc1 Qd7 41. Rd1 Qc7 42. Rdc1 1/2-1/2

[Event "Famalicao op 6th"]
[Site "Famalicao"]
[Date "2018.08.03"]
[Round "8"]
[White "Martins, Diogo Faria Oliveir"]
[Black "Friedrich, Carlos Ernesto Gall"]
[Result "1-0"]
[WhiteElo "1952"]
[BlackElo "1661"]
[PlyCount "55"]
[EventDate "2018.07.29"]
[EventType "swiss"]
[EventRounds "9"]
[EventCountry "POR"]
[SourceTitle "CBM 185 Extra"]
[Source "ChessBase"]
[SourceDate "2018.07.29"]
[SourceVersion "1"]
[SourceVersionDate "2018.07.29"]
[SourceQuality "1"]

1. e4 e5 2. Nf3 Nc6 3. Bc4 Bc5 4. b4 Bxb4 5. c3 Bc5 6. 0-0 d6 7. d4 exd4 8. cxd4 Bb6 9. Nc3 Nge7 10. Ng5 0-0 11. Qh5 h6 12. Nxf7 Rxf7 13. Bxf7+ Kh7 14. Nd5 Bxd4 15. Bg5 Bxa1 16. Rxa1 Qf8 17. Nxc7 Rb8 18. Bb3 Bd7 19. Rd1 Ng6 20. Nd5 Nce5 21. h3 Be8 22. Be3 Nf4 23. Qf5+ Qxf5 24. exf5 Nfd3 25. f4 Nxf4 26. Nxf4 Rd8 27. Ne6 Rd7 28. Nf8+ 1-0

[Event "Gaia Profigaia op 18th"]
[Site "Vila Nova de Gaia"]
[Date "2018.06.29"]
[Round "3"]
[White "Silva, Pedro Gil Ferreira"]
[Black "Martins, Diogo Faria Oliveir"]
[Result "0-1"]
[WhiteElo "1752"]
[BlackElo "1948"]
[PlyCount "90"]
[EventDate "2018.06.27"]
[EventType "swiss"]
[EventRounds "7"]
[EventCountry "POR"]
[SourceTitle "CBM 185 Extra"]
[Source "ChessBase"]
[SourceDate "2018.07.29"]
[SourceVersion "1"]
[SourceVersionDate "2018.07.29"]
[SourceQuality "1"]

1. e4 c5 2. Nf3 g6 3. d4 cxd4 4. Nxd4 Nc6 5. Nc3 Bg7 6. Be3 Nf6 7. Bc4 Qa5 8. 0-0 0-0 9. Bb3 d6 10. h3 Bd7 11. f4 Qh5 12. Qxh5 Nxh5 13. Nde2 Na5 14. g4 Nxb3 15. axb3 Nf6 16. e5 dxe5 17. fxe5 Ne8 18. Bc5 Nc7 19. Bxe7 Rfe8 20. Bf6 h5 21. Ne4 hxg4 22. hxg4 Bxg4 23. N2c3 b6 24. Kh2 a5 25. Bxg7 Kxg7 26. Nd6 Rh8+ 27. Kg3 Be6 28. Rh1 Nd5 29. Na4 Rab8 30. c4 Nb4 31. Rxh8 Kxh8 32. Rd1 Kg7 33. Ne4 Bf5 34. Ng5 Nd3 35. e6 f6 36. Nf3 Nc5 37. Nxc5 bxc5 38. Re1 Kf8 39. Re3 Ke7 40. Nh4 Bc2 41. Rc3 Bb1 42. Re3 g5 43. Nf3 Bf5 44. Ne1 Rb6 45. Nd3 Rxb3 0-1

[Event "Gaia Profigaia op 18th"]
[Site "Vila Nova de Gaia"]
[Date "2018.06.28"]
[Round "2"]
[White "Martins, Diogo Faria Oliveir"]
[Black "Sa, Luis Afonso"]
[Result "1-0"]
[WhiteElo "1948"]
[BlackElo "1490"]
[PlyCount "89"]
[EventDate "2018.06.27"]
[EventType "swiss"]
[EventRounds "7"]
[EventCountry "POR"]
[SourceTitle "CBM 185 Extra"]
[Source "ChessBase"]
[SourceDate "2018.07.29"]
[SourceVersion "1"]
[SourceVersionDate "2018.07.29"]
[SourceQuality "1"]

1. e4 e5 2. Bc4 Nf6 3. Nf3 Nc6 4. Ng5 Bc5 5. Bxf7+ Ke7 6. Bb3 Rf8 7. 0-0 d6 8. Nc3 Bg4 9. Nd5+ Ke8 10. Nxf6+ gxf6 11. Qxg4 fxg5 12. d3 Qf6 13. Qh5+ Kd7 14. Bxg5 Bxf2+ 15. Kh1 Qg6 16. Qxg6 hxg6 17. c3 Na5 18. Bc2 Rf7 19. g3 Raf8 20. b4 Nc6 21. Bb3 Rf3 22. Kg2 a5 23. a3 axb4 24. axb4 Rxd3 25. Rxf2 Rxf2+ 26. Kxf2 Rxc3 27. Bf7 Nxb4 28. Bxg6 Rc2+ 29. Kg1 c5 30. h4 Nc6 31. Bf5+ Kc7 32. h5 Nd4 33. Bg4 Rc3 34. Kg2 Rc2+ 35. Kh3 Rf2 36. h6 Rf8 37. Kg2 Rg8 38. h7 Rxg5 39. Bd1 Ne6 40. h8Q Nf4+ 41. Kh2 Nd3 42. Qh7+ Kc6 43. Ba4+ b5 44. Bc2 Nb4 45. Ra7 1-0

[Event "Guimaraes op"]
[Site "Guimaraes"]
[Date "2017.09.06"]
[Round "7"]
[White "Martins, Diogo Faria Oliveir"]
[Black "Veiga, Jose Francisco RP"]
[Result "0-1"]
[WhiteElo "1904"]
[BlackElo "2114"]
[PlyCount "70"]
[EventDate "2017.09.02"]
[EventType "swiss"]
[EventRounds "7"]
[EventCountry "POR"]
[SourceTitle "CBM 180 Extra"]
[Source "ChessBase"]
[SourceDate "2017.10.06"]
[SourceVersion "1"]
[SourceVersionDate "2017.10.06"]
[SourceQuality "1"]

1. e4 c5 2. Nf3 Nc6 3. d4 cxd4 4. Nxd4 g6 5. c4 Bg7 6. Be3 Nf6 7. Nc3 0-0 8. Be2 Nxd4 9. Bxd4 d6 10. Qd2 Bd7 11. 0-0 Bc6 12. f3 a5 13. b3 Nd7 14. Be3 Nc5 15. Rab1 Qb6 16. Rfc1 Rfc8 17. Nd5 Bxd5 18. exd5 Qb4 19. Rc2 Na6 20. Qc1 a4 21. a3 Qa5 22. b4 Qd8 23. Qd1 Nc7 24. f4 Qd7 25. Bg4 f5 26. Bf3 Rd8 27. Rd2 Ra6 28. c5 Nb5 29. c6 bxc6 30. dxc6 Rxc6 31. Bxc6 Qxc6 32. Qxa4 Qe4 33. Qb3+ d5 34. Rd3 Nc3 35. Re1 Qxd3 0-1

[Event "Guimaraes op"]
[Site "Guimaraes"]
[Date "2017.09.03"]
[Round "4"]
[White "Dias, Ivo Rodrigues"]
[Black "Martins, Diogo Faria Oliveir"]
[Result "1-0"]
[WhiteElo "2186"]
[BlackElo "1904"]
[PlyCount "55"]
[EventDate "2017.09.02"]
[EventType "swiss"]
[EventRounds "7"]
[EventCountry "POR"]
[SourceTitle "CBM 180 Extra"]
[Source "ChessBase"]
[SourceDate "2017.10.06"]
[SourceVersion "1"]
[SourceVersionDate "2017.10.06"]
[SourceQuality "1"]

1. e4 c5 2. Nc3 g6 3. g3 Bg7 4. Bg2 Nc6 5. d3 d6 6. Be3 Nf6 7. h3 0-0 8. Nge2 e6 9. 0-0 Rb8 10. f4 Nd7 11. Qd2 b5 12. g4 b4 13. Nd1 a5 14. f5 exf5 15. exf5 Nde5 16. Nf4 Ne7 17. Nd5 Nxd5 18. Bxd5 Bb7 19. Bg5 Qb6 20. Ne3 h6 21. Bh4 g5 22. f6 Bh8 23. Bxg5 hxg5 24. Nc4 Qc7 25. Qxg5+ Kh7 26. Nxe5 dxe5 27. Qh5+ Kg8 28. Qg6+ 1-0

[Event "Guimaraes op"]
[Site "Guimaraes"]
[Date "2017.09.02"]
[Round "1"]
[White "Martins, Diogo Faria Oliveir"]
[Black "Silva, Diogo Leite"]
[Result "1-0"]
[WhiteElo "1904"]
[BlackElo "1113"]
[PlyCount "47"]
[EventDate "2017.09.02"]
[EventType "swiss"]
[EventRounds "7"]
[EventCountry "POR"]
[SourceTitle "CBM 180 Extra"]
[Source "ChessBase"]
[SourceDate "2017.10.06"]
[SourceVersion "1"]
[SourceVersionDate "2017.10.06"]
[SourceQuality "1"]

1. e4 e5 2. Bc4 Nf6 3. Nf3 Nc6 4. Ng5 h6 5. Nxf7 Qe7 6. Nxh8 Nxe4 7. Qh5+ Kd8 8. Nf7+ Ke8 9. Nxh6+ g6 10. Qxg6+ Kd8 11. Nf7+ Ke8 12. Nd6+ Kd8 13. Nxe4 d6 14. d3 Nd4 15. Bg5 c5 16. Bxe7+ Bxe7 17. Nbc3 Bf5 18. Qg8+ Kd7 19. Qxa8 Nxc2+ 20. Kd2 Nxa1 21. Qxb7+ Kd8 22. Nd5 Bg5+ 23. Nxg5 Bc8 24. Qe7# 1-0

[Event "Famalicao op 5th"]
[Site "Famalicao"]
[Date "2017.08.04"]
[Round "8"]
[White "Do Santos Julio, Joao Manuel"]
[Black "Martins, Diogo Faria Oliveir"]
[Result "0-1"]
[WhiteElo "2110"]
[BlackElo "1872"]
[PlyCount "94"]
[EventDate "2017.07.29"]
[EventType "swiss"]
[EventRounds "9"]
[EventCountry "POR"]
[SourceTitle "EXT 2018"]
[Source "ChessBase"]
[SourceDate "2017.10.13"]
[SourceVersion "1"]
[SourceVersionDate "2017.10.13"]
[SourceQuality "1"]

1. e4 c5 2. Nf3 g6 3. d4 cxd4 4. Qxd4 Nf6 5. e5 Nc6 6. Qc4 d5 7. exd6 Qxd6 8. Nc3 Be6 9. Qa4 Bg7 10. Bb5 Nd5 11. Ne2 0-0 12. 0-0 a6 13. Bxc6 Qxc6 14. Qxc6 bxc6 15. Ned4 Bd7 16. c3 e5 17. Nb3 a5 18. Re1 Rfe8 19. h3 a4 20. Nc5 Bf5 21. Nh4 a3 22. Nxf5 gxf5 23. bxa3 Nxc3 24. Bb2 e4 25. Kf1 Reb8 26. Nb3 Nxa2 27. Bxg7 Rxb3 28. Rxa2 Kxg7 29. a4 Ra5 30. Rc1 c5 31. Rc4 Rb4 32. Rxb4 cxb4 33. Ke2 b3 34. Rb2 Rxa4 35. Rxb3 f4 36. Rb6 Ra2+ 37. Kf1 Ra1+ 38. Ke2 Rg1 39. Rb4 f5 40. Rb7+ Kg6 41. Rb6+ Kg5 42. Rb8 Rxg2 43. Rg8+ Kh4 44. Rxg2 f3+ 45. Kf1 fxg2+ 46. Kxg2 f4 47. Kh2 f3 0-1

[Event "Famalicao op 5th"]
[Site "Famalicao"]
[Date "2017.08.03"]
[Round "7"]
[White "Martins, Diogo Faria Oliveir"]
[Black "Santos, Ricardo Alexandre L"]
[Result "1-0"]
[WhiteElo "1872"]
[BlackElo "2019"]
[PlyCount "73"]
[EventDate "2017.07.29"]
[EventType "swiss"]
[EventRounds "9"]
[EventCountry "POR"]
[SourceTitle "EXT 2018"]
[Source "ChessBase"]
[SourceDate "2017.10.13"]
[SourceVersion "1"]
[SourceVersionDate "2017.10.13"]
[SourceQuality "1"]

1. e4 d6 2. d4 Nf6 3. Nc3 g6 4. Nf3 Bg7 5. h3 0-0 6. Be3 c6 7. a4 Nbd7 8. a5 e5 9. dxe5 Nxe5 10. Nxe5 dxe5 11. Qxd8 Rxd8 12. Bc4 Nd7 13. Rd1 Re8 14. 0-0 Bf8 15. Rd2 b5 16. Nxb5 cxb5 17. Bxb5 Re7 18. Bc6 Rb8 19. Rfd1 Nf6 20. Rd8 Bd7 21. Rxb8 Bxc6 22. Rd6 Re6 23. Rxe6 fxe6 24. f3 a6 25. Bh6 Nd7 26. Rc8 Bb5 27. c4 Ba4 28. Bxf8 Nxf8 29. Ra8 Kf7 30. Rxa6 Nd7 31. Ra7 Ke8 32. b4 Kd8 33. b5 Kc8 34. b6 Kb8 35. Rc7 h5 36. c5 Ka8 37. a6 1-0

[Event "Famalicao op 5th"]
[Site "Famalicao"]
[Date "2017.07.31"]
[Round "4"]
[White "Del Rey, Diego"]
[Black "Martins, Diogo Faria Oliveir"]
[Result "1-0"]
[WhiteElo "2349"]
[BlackElo "1872"]
[PlyCount "142"]
[EventDate "2017.07.29"]
[EventType "swiss"]
[EventRounds "9"]
[EventCountry "POR"]
[SourceTitle "EXT 2018"]
[Source "ChessBase"]
[SourceDate "2017.10.13"]
[SourceVersion "1"]
[SourceVersionDate "2017.10.13"]
[SourceQuality "1"]

1. Nf3 g6 2. g3 Bg7 3. Bg2 Nf6 4. 0-0 0-0 5. d4 d5 6. c4 c6 7. cxd5 cxd5 8. Ne5 Nc6 9. Nxc6 bxc6 10. Nc3 e6 11. Bf4 Nh5 12. Be3 Rb8 13. Na4 Qa5 14. Bf3 e5 15. b3 Nf6 16. dxe5 Nd7 17. Rc1 Nxe5 18. Bg2 Re8 19. Qe1 Qa6 20. Qd2 Ng4 21. Nc5 Qa3 22. Bf4 Rb5 23. Nd3 Bd7 24. h3 Ne5 25. Nxe5 Bxe5 26. Bxe5 Rxe5 27. e4 Qb4 28. Qxb4 Rxb4 29. exd5 cxd5 30. Rc7 Bb5 31. Rd1 d4 32. Rxa7 Be2 33. Rd2 d3 34. Rc7 Rd4 35. Rc1 f5 36. f4 Ra5 37. Bf1 Re4 38. Kf2 g5 39. Bg2 Rd4 40. Ke3 Rb4 41. Bf3 gxf4+ 42. gxf4 Ra7 43. Rc4 Re7+ 44. Kf2 Rxc4 45. Bd5+ Kg7 46. Bxc4 Rd7 47. a4 Rd4 48. Kg3 Kf6 49. a5 Ke7 50. a6 Rd7 51. Kf2 Kd8 52. Ra2 Ra7 53. Ke3 Kc7 54. Bxd3 Bxd3 55. Kxd3 Kb6 56. Kd4 Rd7+ 57. Ke5 Ka7 58. Kxf5 Rd3 59. h4 Rxb3 60. Kg5 Rg3+ 61. Kf5 h5 62. Ke5 Rg4 63. f5 Rxh4 64. f6 Rc4 65. f7 Rc8 66. Kf6 h4 67. Kg7 Rc7 68. Kg8 h3 69. f8Q h2 70. Qf2+ Ka8 71. Qxh2 Ka7 1-0

[Event "Famalicao op 5th"]
[Site "Famalicao"]
[Date "2017.07.30"]
[Round "3"]
[White "Martins, Diogo Faria Oliveir"]
[Black "Santos, Jorge AF Silva"]
[Result "1-0"]
[WhiteElo "1872"]
[BlackElo "1315"]
[PlyCount "35"]
[EventDate "2017.07.29"]
[EventType "swiss"]
[EventRounds "9"]
[EventCountry "POR"]
[SourceTitle "EXT 2018"]
[Source "ChessBase"]
[SourceDate "2017.10.13"]
[SourceVersion "1"]
[SourceVersionDate "2017.10.13"]
[SourceQuality "1"]

1. e4 e5 2. Nf3 Nc6 3. Bc4 Nf6 4. Ng5 d5 5. exd5 Nxd5 6. Nxf7 Kxf7 7. Qf3+ Ke6 8. Nc3 Nce7 9. 0-0 g6 10. d4 c6 11. Bg5 Bg7 12. dxe5 Qf8 13. Bf6 Rg8 14. Rad1 b5 15. Bxd5+ Nxd5 16. Nxd5 Rb8 17. Nc7+ Kf7 18. Qb3+ 1-0

[Event "Famalicao op 5th"]
[Site "Famalicao"]
[Date "2017.07.30"]
[Round "2"]
[White "Ramiro Ovejero, Juan Luis"]
[Black "Martins, Diogo Faria Oliveir"]
[Result "1-0"]
[WhiteElo "2399"]
[BlackElo "1872"]
[PlyCount "67"]
[EventDate "2017.07.29"]
[EventType "swiss"]
[EventRounds "9"]
[EventCountry "POR"]
[SourceTitle "EXT 2018"]
[Source "ChessBase"]
[SourceDate "2017.10.13"]
[SourceVersion "1"]
[SourceVersionDate "2017.10.13"]
[SourceQuality "1"]

1. e4 c5 2. Nf3 g6 3. c3 Bg7 4. d4 cxd4 5. cxd4 d5 6. e5 Nh6 7. Bb5+ Bd7 8. Bxd7+ Qxd7 9. 0-0 0-0 10. Re1 Nc6 11. Nc3 Rac8 12. Bf4 Nf5 13. h3 h5 14. Rc1 Nd8 15. Ng5 Ne6 16. Nxe6 Qxe6 17. Qd2 Rc6 18. Ne2 Rfc8 19. Rxc6 Rxc6 20. Bg5 f6 21. exf6 exf6 22. Bf4 g5 23. Bb8 Qc8 24. Bxa7 Rc2 25. Qd3 Rxb2 26. Nc3 Qd7 27. Qf3 b5 28. Bc5 g4 29. hxg4 hxg4 30. Qxg4 b4 31. Na4 Qxa4 32. Qxf5 Qxa2 33. Re8+ Kf7 34. Qh5# 1-0